Normal view
MARC view
- الاحتيال-قوانين وتشريعات-الاردن
Entry Topical Term
001 - CONTROL NUMBER
- control field: 58228
003 - CONTROL NUMBER IDENTIFIER
- control field: JO-AjAnu
005 - DATE AND TIME OF LATEST TRANSACTION
- control field: 20230606083529.0
008 - FIXED-LENGTH DATA ELEMENTS
- fixed length control field: 230606|| aca||aabn | a|a d
040 ## - CATALOGING SOURCE
- Original cataloging agency: JO-AjAnu
- Transcribing agency: JO-AjAnu
150 ## - HEADING--TOPICAL TERM
- Topical term or geographic name entry element: الاحتيال-قوانين وتشريعات-الاردن
670 ## - SOURCE DATA FOUND
- Source citation: Work cat.: (JO-AjAnu)29705: اعداد عمر محمد الشياب ؛ اشراف عبد الحكيم محسن عطروش , author 58227, جريمة الاحتيال في القانون الاردني (دراسة مقارنه) :(A Comparative Syudy ) The crime of fraud in the jordanian law